000 00428nam a22001697a 4500
003 UA-OsUOA
001 1911
007 ta
008 20050721b un ||||| |||| 00| 0 ukr d
100 _aЦвиллинг
700 _aМ. Я.
942 _cBK
040 _aUA-OsUOA
_cUA-OsUOA
_dUA-OsUOA
245 _aРусско-немецкий словарь пословиц и поговорок.
_bGerman
955 _a2
650 7 _2UDC
999 _c288073
_d288073